000 00736nam a2200253Ia 4500
003 OSt
005 20220926011016.0
006 a|||||r|||| 00| 0
007 ta
008 220923b |||||||| |||| 00| 0 eng d
020 _a013153842X
037 _cGeneral Book
040 _aRTL
_cRTL
_beng
041 _2eng
_aeng
082 _aX9:(D6,9(B), M6
100 _aAbelow Daniel
_9313421
245 0 _aCommunications in the modern corporate environment
260 _aNew Jersey
_bPrentice Hall
_c1986
300 _axvii,236p.
_ccm.
650 _aIndustrial Economy
700 _a Hilpert Edwin J
_9313422
942 _hX9:(D6,9(B), M6
_cGB
_2CC
999 _c618850
_d618850